Statystyki dla Gdzie urodzili się ci piłkarze? 2

Kliknij tutaj aby rozwiązać quiz!

Ogólne statystyki

  • Ten quiz został rozwiązany 12 razy
  • Średni wynik to 4 z 15

Statystyki odpowiedzi

PiłkarzMiasto% Poprawnych
Achraf HakimiMadryt
75%
Lukas HradeckyBratysława
50%
Youssoufa MoukokoJaunde
42%
Rodrigo MorenoRio de Janeiro
42%
Gonzalo HiguainBrest
33%
Fernando MusleraBuenos Aires
33%
Eric Maxim Choupo-MotingHamburg
33%
Alex KralKoszyce
17%
Mario PašalićMoguncja
17%
Andrij JarmołenkoPetersburg
17%
Jordan LarssonRotterdam
17%
Fikayo TomoriCalgary
8%
Willi OrbanKaiserslautern
8%
Lindsay RoseRennes
8%
Emerson PalmieriSantos
8%

Rozkład punktacji

Percentyl według liczby udzielonych odpowiedzi

Procent ludzi z każdym wynikiem

Twoja historia wyników

Nie rozwiązałeś tego quizu